000 00252nam a22001217a 4500
008 170602b xxu||||| |||| 00| 0 eng d
041 _aeng
080 _a93
100 _a17
101 _aSHH
245 _aIDEAS AND MEN
_cBRINTON, C
942 _2udc
_cBK
999 _c15573
_d15573